Statistics for Best PS5 Exclusives (So Far)

Click here to take the quiz!

General Stats

  • This quiz has been taken 99 times
    (24 since last reset)
  • The average score is 5 of 12

Answer Stats

HintAnswer% Correct
PS4 & PS5GOW: Ragnarok
95%
PS4 & PS5Spider-Man: Miles Morales
84%
PS5Spider-Man 2
68%
PS4 & PS5Horizon Forbidden West
42%
PS5Astro's Playroom
37%
PS5Ratchet & Clank: Rift Apart
37%
PS5Demon Souls
26%
PS5Final Fantasy 16
21%
PS5Final Fantasy 7 Remake: Rebirth
21%
PS5Gran Turismo 7
21%
PS5Returnal
21%
PS5 Timed ExclusiveDeathloop
5%

Score Distribution

Percentile by Number Answered

Percent of People with Each Score

Your Score History

You have not taken this quiz since the last reset